| 000 | 00000nam 2200000zi 4500 |
| 001 | 9.885355 |
| 003 | CaOODSP |
| 005 | 20221107171124 |
| 006 | m o d f |
| 007 | cr ||||||||||| |
| 008 | 200306t20202020oncbo ob f000 0 fre d |
| 020 | |a9780660343280 |
| 040 | |aCaOODSP|bfre|erda|cCaOODSP |
| 043 | |an-cn-on |
| 086 | 1 |aCW66-603/2020F-PDF |
| 245 | 00|aRéserve nationale de faune du Ruisseau-Big : |bplan de gestion 2020 . |
| 264 | 1|a[Gatineau, QC] : |bEnvironnement et Changement climatique Canada = Environment and Climate Change Canada, |c2020. |
| 264 | 4|c©2020 |
| 300 | |a1 ressource en ligne (ix, 116 pages) : |bcartes en couleur, photographies en couleur |
| 336 | |atexte|btxt|2rdacontent/fre |
| 337 | |ainformatique|bc|2rdamedia/fre |
| 338 | |aressource en ligne|bcr|2rdacarrier/fre |
| 500 | |aPublié aussi en anglais sous le titre : Big Creek National Wildlife Area management plan 2020. |
| 500 | |aTitre de la couverture. |
| 504 | |aComprend des références bibliographiques. |
| 520 | |a« La RNF du Ruisseau-Big sera gérée de manière à maintenir et à améliorer l’habitat des oiseaux migrateurs et des espèces animales et végétales indigènes, y compris les espèces en péril. Diverses techniques de gestion des espèces sauvages et de l’habitat seront utilisées. Les mesures de gestion prioritaires consistent entre autres à réguler les niveaux d’eau afin de maintenir des zones d’eau libre et la végétation des marais ainsi qu’à éliminer les espèces non indigènes et envahissantes et à réduire leur nombre en vue d’améliorer la biodiversité »--Page iv. |
| 650 | 6|aRefuges fauniques|zOntario|xGestion. |
| 650 | 6|aParcs nationaux|zOntario|xGestion. |
| 651 | 6|aRéserve nationale de faune du Ruisseau-Big (Ont.)|xGestion. |
| 710 | 1 |aCanada. |bEnvironnement et changement climatique Canada. |
| 775 | 08|tBig Creek National Wildlife Area management plan, 2020.|w(CaOODSP)9.885352 |
| 856 | 40|qPDF|s4.99 Mo|uhttps://publications.gc.ca/collections/collection_2020/eccc/cw66/CW66-603-2020-fra.pdf |